000 00680cam a22002533a 4500
001 2795
003 PGUSA
005 20140828083021.0
008 010901s2001||||xxu|||||s|||||000 1 eng d
040 _aPGUSA
_beng
042 _adc
050 4 _aPR
050 4 _aPZ
100 1 _aOllivant, Alfred,
_d1874-1927
245 1 0 _aBob, Son of Battle
_h[electronic resource] /
_cAlfred Ollivant
260 _bProject Gutenberg,
_c2001
506 _aPublic domain in the USA.
516 _aElectronic text
653 _aDogs -- Fiction
653 _aDogs -- Juvenile fiction
830 0 _aProject Gutenberg
_v2795
856 4 0 _uhttp://www.gutenberg.org/ebooks/2795
942 _cEB
999 _c232127
_d232127